UM Logo

Fast simulation model of voltage source converters with arbitrary topology using switch-state prediction / (Record no. 20016)

MARC details
000 -LEADER
fixed length control field 00992nam a22002297a 4500
003 - CONTROL NUMBER IDENTIFIER
control field OSt
005 - DATE AND TIME OF LATEST TRANSACTION
control field 20251003175817.0
008 - FIXED-LENGTH DATA ELEMENTS--GENERAL INFORMATION
fixed length control field 240404b ||||| |||| 00| 0 eng d
040 ## - CATALOGING SOURCE
Transcribing agency 0
082 ## - DEWEY DECIMAL CLASSIFICATION NUMBER
Classification number DPer 621.317 Ie21 October 2022 v. 37 n. 10
100 ## - MAIN ENTRY--PERSONAL NAME
Personal name Gao, Shilin.
Relator term author.
9 (RLIN) 56055
245 ## - TITLE STATEMENT
Title Fast simulation model of voltage source converters with arbitrary topology using switch-state prediction /
Statement of responsibility, etc. Shilin Gao, Yankan Song, Ying Chen, Zhitong Yu, and Rui Zhang.
260 ## - PUBLICATION, DISTRIBUTION, ETC. (IMPRINT)
Place of publication, distribution, etc. New York ;
Name of publisher, distributor, etc. The Institute of Electrical and Electronics Engineers, Inc. ,
Date of publication, distribution, etc. October 2022.
300 ## - PHYSICAL DESCRIPTION
Extent Volume 37, pages 12167-12181 :
Other physical details illustration ;
Dimensions 28 cm.
500 ## - GENERAL NOTE
General note IEEE Transactions on Power Electronics, v. 37, n. 10, pages 12167-12181, October 2022.
700 ## - ADDED ENTRY--PERSONAL NAME
Personal name Gao, Shilin.
Relator term author.
9 (RLIN) 56055
700 ## - ADDED ENTRY--PERSONAL NAME
Personal name Song, Yankan.
Relator term author.
9 (RLIN) 56056
700 ## - ADDED ENTRY--PERSONAL NAME
Personal name Chen, Ying.
Relator term author.
9 (RLIN) 56057
700 ## - ADDED ENTRY--PERSONAL NAME
Personal name Yu, Zhitong.
Relator term author.
9 (RLIN) 56058
700 ## - ADDED ENTRY--PERSONAL NAME
Personal name Zhang, Rui.
Relator term author.
9 (RLIN) 56059
942 ## - ADDED ENTRY ELEMENTS (KOHA)
Source of classification or shelving scheme Dewey Decimal Classification
Koha item type Periodicals
Holdings
Withdrawn status Lost status Source of classification or shelving scheme Damaged status Not for loan Collection code Home library Current library Date acquired Total Checkouts Full call number Date last seen Price effective from Koha item type Public note
    Dewey Decimal Classification     Periodicals UM Digos College - LIC UM Digos College - LIC 04/04/2024   DPer 621.317 Ie21 October 2022 v. 37 n. 10 04/04/2024 04/04/2024 Periodicals Periodical Article